000 01676cam a2200493 a 4500
001 14071034
003 OSt
005 20140310184518.0
008 050811s2006 nyu d 000 1 eng
010 _a 2005022135
020 _a0439679966 (trade bdg.)
020 _a9780439679961 (trade bdg.)
020 _a1415678332 (BWI bdg.)
020 _a9781415678336 (BWI bdg.)
020 _a9780439679961
035 _a(OCoLC)ocm61309227
035 _a(OCoLC)61309227
040 _aDLC
_cDLC
_dBAKER
_dOCO
_dBKX
_dJP3
_dVP@
_dEHH
_dBTCTA
_dDLC
042 _alcac
050 0 0 _aPZ 7
_b.H816 2007
100 1 _aHorowitz, Anthony,
_d1955-
_918129
245 1 0 _aEvil star /
_cAnthony Horowitz.
250 _a1st ed.
260 _aNew York :
_bScholastic Press,
_c2007.
300 _a318 p. :
_c22 cm.
490 1 _aGatekeepers ;
_vbk. 2
521 _aG4
526 _c680
650 0 _aIncas
_vFiction.
_918130
650 0 _aIndians of South America
_zPeru
_vFiction.
_918131
650 0 _aSupernatural
_vFiction.
_918132
650 1 _aIncas
_vFiction.
_918133
650 1 _aIndians of South America
_zPeru
_vFiction.
_918134
650 1 _aSupernatural
_vFiction.
_918135
651 0 _aNazca Lines Site (Peru)
_vFiction.
_918136
651 0 _aPeru
_vFiction.
_918137
651 1 _aNazca Lines Site (Peru)
_vFiction.
_918138
651 1 _aPeru
_vFiction.
_918139
800 1 _aHorowitz, Anthony,
_d1955-
_tGatekeepers ;
_vbk. 2.
_918140
906 _a7
_bcbc
_corignew
_d1
_eecip
_f20
_gy-gencatlg
942 _2lcc
_cBK-SCHOLAS
999 _c34988
_d34988